Uzorchataia parcha

Saved in:
Bibliografiske detaljer
Main Authors: Miyamoto, Teru (autor), Dutkina, G (Author)
Format: Bog
Sprog:russisk
Udgivet: Moscú Hyperion 2005
Serier:Terra Nipponica, 10
Fag:
Tags: Tilføj Tag
Ingen Tags, Vær først til at tagge denne postø!

MARC

LEADER 00000nam a2200000 a 4500
001 UCK6251
003 CL-VaPUC
008 050909e20050000ru |||||||||||||||||rus|d
020 |a 5893321170 
082 0 4 |a 895.603  |b MIY  |2 21 
100 |a Miyamoto, Teru  |e autor  |9 520727 
700 0 |a Dutkina, G  |e author  |9 495321 
245 1 0 |a Uzorchataia parcha 
300 |a 253 p 
942 |c BK 
945 |d 20050909 00:00:00  |a jcarroza 
260 |a Moscú  |b Hyperion  |c 2005 
650 0 |a Literatura japonesa  |9 266543 
650 7 |a NOVELAS JAPONESAS  |2 CL-VaPUC  |9 495322 
583 |a last modification  |c 20171017 03:26:37  |k Rodrigo Vera 
490 0 |a Terra Nipponica, 10 
999 |c 314551  |d 314549 
952 |0 0  |1 0  |4 0  |6 895_603000000000000_MIY_2005  |7 0  |8 A  |9 386941  |a BIBGIM  |b BIBGIM  |d 2019-11-22  |i 4159039  |o 895.603 MIY 2005  |p 4159039  |r 2025-01-15  |w 2019-11-22  |y BK  |k ORI